| 000 | 01160nam a2200301 i 4500 | ||
|---|---|---|---|
| 001 | 181870 | ||
| 003 | ES-MaACL | ||
| 005 | 20240122153211.0 | ||
| 008 | 130503s2012 sp | |||||||| | spa d | ||
| 020 | _a978-84-92877-35-5 | ||
| 080 | _a821.134.2 Hernández, Miguel 1.07 | ||
| 080 | _a821.134.2(7/8)-1.09"18/19" | ||
| 080 | _a791.862(0:82) | ||
| 100 | 1 |
_aBalcells, José María, _d1943- _924862 |
|
| 245 | 1 | 0 |
_aMiguel Hernández : _bespejos americanos y poéticas taurinas / _cJosé María Balcells. |
| 250 | _a1ª ed. | ||
| 260 |
_aTorrejón de la Calzada, Madrid : _bDevenir, _c2012. |
||
| 300 |
_a332 p. ; _c22 cm. |
||
| 490 | 1 |
_aDevenir ensayo ; _v25 |
|
| 600 | 1 | 4 |
_aHernández, Miguel, _d1910-1942- _xCrítica e interpretación _962846 |
| 650 | 4 |
_aPoesía hispanoamericana- _yS.XX- _xHistoria y crítica. _9142001 |
|
| 650 | 4 |
_aCorridas de toros- _xEn la literatura. _9152674 |
|
| 830 | 1 |
_aDevenir ensayo ; _v25 _9184485 |
|
| 852 | 4 |
_aES-MaACL _jA-12683 _9188778 _bR.148794 _cDEPO1 _dOlim: N-5684 _xDonación: José Luis Abellán |
|
| 903 |
_aAbellán, José Luis, _d1933-2023 _ednr _q1 _9176509 |
||
| 942 |
_2udc _cMONOGRAFIA |
||
| 999 |
_c181870 _d181870 |
||